<?xml version="1.0" encoding="UTF-8"?><?xml-stylesheet type="text/xsl" href="static/style.xsl"?><OAI-PMH xmlns="http://www.openarchives.org/OAI/2.0/" xmlns:xsi="http://www.w3.org/2001/XMLSchema-instance" xsi:schemaLocation="http://www.openarchives.org/OAI/2.0/ http://www.openarchives.org/OAI/2.0/OAI-PMH.xsd"><responseDate>2026-04-13T08:16:25Z</responseDate><request verb="GetRecord" identifier="oai:www.recercat.cat:10256/11726" metadataPrefix="marc">https://recercat.cat/oai/request</request><GetRecord><record><header><identifier>oai:recercat.cat:10256/11726</identifier><datestamp>2024-06-18T13:50:35Z</datestamp><setSpec>com_2072_452955</setSpec><setSpec>com_2072_2054</setSpec><setSpec>col_2072_453073</setSpec></header><metadata><record xmlns="http://www.loc.gov/MARC21/slim" xmlns:dcterms="http://purl.org/dc/terms/" xmlns:xsi="http://www.w3.org/2001/XMLSchema-instance" xmlns:doc="http://www.lyncode.com/xoai" xsi:schemaLocation="http://www.loc.gov/MARC21/slim http://www.loc.gov/standards/marcxml/schema/MARC21slim.xsd">
   <leader>00925njm 22002777a 4500</leader>
   <datafield ind2=" " ind1=" " tag="042">
      <subfield code="a">dc</subfield>
   </datafield>
   <datafield ind2=" " ind1=" " tag="720">
      <subfield code="a">Ferrer Vall-llosada, Íngrid</subfield>
      <subfield code="e">author</subfield>
   </datafield>
   <datafield ind2=" " ind1=" " tag="720">
      <subfield code="a">Rich Masallera, Jordi</subfield>
      <subfield code="e">author</subfield>
   </datafield>
   <datafield ind2=" " ind1=" " tag="720">
      <subfield code="a">Fontrodona, Xavier</subfield>
      <subfield code="e">author</subfield>
   </datafield>
   <datafield ind2=" " ind1=" " tag="720">
      <subfield code="a">Rodríguez Pizarro, Montserrat</subfield>
      <subfield code="e">author</subfield>
   </datafield>
   <datafield ind2=" " ind1=" " tag="720">
      <subfield code="a">Romero García, Isabel</subfield>
      <subfield code="e">author</subfield>
   </datafield>
   <datafield ind2=" " ind1=" " tag="260">
      <subfield code="c">info:eu-repo/date/embargoEnd/2026-01-01</subfield>
   </datafield>
   <datafield ind2=" " ind1=" " tag="260">
      <subfield code="c">info:eu-repo/date/embargoEnd/2026-01-01</subfield>
   </datafield>
   <datafield ind2=" " ind1=" " tag="260">
      <subfield code="c">2013-10-07</subfield>
   </datafield>
   <datafield ind2=" " ind1=" " tag="520">
      <subfield code="a">The synthesis of two Ru-dmso complexes containing the ligands 2-(3-pyrazolyl)pyridine (pypz-H), and pyrazole (pz-H), [RuIICl 2(pypz-H)(dmso)2], (2) and [RuIICl 2(pz-H)(dmso)3], (3), has been described. Both complexes have been fully characterized in solution through 1H-NMR and UV-Vis techniques and also in the solid state through monocrystal X-ray diffraction analysis. The redox properties of both complexes have also been studied by means of cyclic voltammetry. Exposure of 2 to visible light in acetonitrile produces a substitution of one dmso ligand by a solvent molecule generating a new complex, [RuIICl2(MeCN)(pypz-H)(dmso)] (4). Also, UV-visible spectroscopy points out that complex 2 presents a thermal and photochemical substitution of dmso ligands in aqueous solution. Finally, the reactivity of complexes 2 and 3 has been tested with regard to the hydration of nitriles using water as a single solvent, displaying good efficiency and selectivity for the corresponding amide derivatives. In general, better performance is achieved with complex 3. Reuse of these catalysts in water and glycerol has been explored for the first time in ruthenium-mediated nitrile hydration catalysis</subfield>
   </datafield>
   <datafield ind2=" " ind1=" " tag="520">
      <subfield code="a">This research has been financed by MICINN of Spain (CTQ2010-21532-C02-01)</subfield>
   </datafield>
   <datafield ind1="8" ind2=" " tag="024">
      <subfield code="a">http://hdl.handle.net/10256/11726</subfield>
   </datafield>
   <datafield tag="653" ind2=" " ind1=" ">
      <subfield code="a">Ruteni -- Compostos</subfield>
   </datafield>
   <datafield tag="653" ind2=" " ind1=" ">
      <subfield code="a">Ruthenium compounds</subfield>
   </datafield>
   <datafield tag="653" ind2=" " ind1=" ">
      <subfield code="a">Catàlisi</subfield>
   </datafield>
   <datafield tag="653" ind2=" " ind1=" ">
      <subfield code="a">Catalysis</subfield>
   </datafield>
   <datafield tag="653" ind2=" " ind1=" ">
      <subfield code="a">Hidròlisi</subfield>
   </datafield>
   <datafield tag="653" ind2=" " ind1=" ">
      <subfield code="a">Hydrolysis</subfield>
   </datafield>
   <datafield ind2="0" ind1="0" tag="245">
      <subfield code="a">Ru (II) complexes containing dmso and pyrazolyl ligands as catalysts for nitrile hydration in environmentally friendly media</subfield>
   </datafield>
</record></metadata></record></GetRecord></OAI-PMH>